mysqli: Table './ulib62015/stat_globaluid' is marked as crashed and should be repaired
select id from stat_globaluid where statuid='20260705224539_2153'
mysqli: Table './ulib62015/stat_globaluid' is marked as crashed and should be repaired
DELETE FROM stat_globaluid
WHERE id NOT IN (
SELECT id
FROM (
SELECT id
FROM stat_globaluid
ORDER BY id DESC
LIMIT 100
) foo
);
mysqli: Table './ulib62015/stat_globaluid' is marked as crashed and should be repaired
insert into stat_globaluid set
statuid='20260705224539_2153',
dt='1783266339',
phpself='/ULIB62015/dublinfull.php',
agent='Mozilla/5.0 AppleWebKit/537.36 (KHTML, like Gecko; compatible; ClaudeBot/1.0; +claudebot@anthropic.com)',
yea='2026',
mon='7',
dat='5',
ip='216.73.216.111'
mysqli: Table './ulib62015/stathist_viewbib_bib_type' is marked as crashed and should be repaired
insert into stathist_viewbib_bib_type set
dat='05' ,
mon='07' ,
yea='2026' ,
statuid='20260705224539_2153' ,
head='13399108234' ,
foot='marc' ,
dt='1783266339'
| LEADER : 00000nam 2200000uu 4500 |
| 001 13399108234 |
| 003 ULIB |
| 008 111011s||||||||th 000 0 tha d |
| 020 978-616-7396-03-3
|
| 050 4 QA76.9.D3^bณ339
|
| 100 1 ณัฐพงษ์ วารีประเสริฐ
|
| 245 10 การออกแบบระบบฐานข้อมูลเชิงสัมพันธ์
|
| 260 กรุงเทพฯ :^bเคทีพี คอมพ์ แอนด์คอนซัลท์,^c2553.
|
| 300 xviii, 420 หน้า
|
| 945 ^p320^l0^i016476
|
| 945 ^p0^l0^i016477
|
| 945 ^p0^l0^i016478
|
| 945 ^p0^l0^i016479
|
| 945 ^p0^l0^i016480 |
| 999 ^aยมมะณา จันทร์ฉิม
|
| คุณยังไม่ได้ล็อกอิน คุณสามารถมีกิจกรรมร่วมกับเว็บไซต์ได้ แต่ต้องล็อกอินก่อน :: |
|
|
|
|
ยังไม่เคยถูกคอมเมนท์
|
| คอมเมนท์ทรัพยากรรายการนี้ |
|